000 00284nam a22001217a 4500
008 171023b xxu||||| |||| 00| 0 eng d
041 _aeng
080 _a338
100 _a54
101 _aMO
245 _aBASIC CONCEPTS OF PROBABILITY AND STATISTICS
_cHODGES, J,L
942 _2udc
_cBK
999 _c35487
_d35487